Alle Spieler von Werder Bremen ab 2000 - Statistiken

Allgemein
  • Dieses Quiz wurde 144 mal gespielt
    11 seit der letzten Aktualisierung
  • Das Durchschnittsergebnis liegt bei 43 aus 246
Antwortstatistiken
Ab Ligaspiele Position Spieler % Korrekt
2024 63 Sturm Marco Grüll
78%
2020 181 Mittelfeld Romano Schmid
78%
2017 198 Tor Jiri Pavlenka
67%
2018 213 Abwehr Marco Friedl
67%
2021 128 Sturm Marvin Ducksch
67%
2022 32 Tor Mio Backhaus
67%
2004 89 Sturm Miroslav Klose
67%
2011 113 Sturm Niclas Füllkrug
67%
2006 147 Abwehr Per Mertesacker
67%
2023 95 Mittelfeld Senne Lynen
67%
1998 169 Sturm Aílton
56%
2006 84 Mittelfeld Diego
56%
2022 119 Mittelfeld Jens Stage
56%
2025 2 Tor Karl Hein
56%
2024 39 Sturm Keke Topp
56%
2021 116 Abwehr Mitchell Weiser
56%
2022 84 Abwehr Niklas Stark
56%
1997 326 Mittelfeld Thorsten Frings
56%
2000 210 Mittelfeld Tim Borowski
56%
2005 194 Tor Tim Wiese
56%
2025 11 Sturm Victor Boniface
56%
2022 78 Abwehr Amos Pieper
44%
1999 250 Sturm Claudio Pizarro
44%
2009 12 Abwehr Dominik Schmidt
44%
1999 260 Mittelfeld Frank Baumann
44%
2025 19 Abwehr Isaac Schmidt
44%
2023 83 Sturm Justin Njinmah
44%
2008 71 Mittelfeld Mesut Özil
44%
2016 50 Mittelfeld Niklas Schmidt
44%
2025 26 Sturm Samuel Mbangula
44%
2025 31 Abwehr Yukinari Sugawara
44%
2002 66 Sturm Angelos Charisteas
33%
2025 28 Mittelfeld Cameron Puertas
33%
2002 103 Abwehr Christian Schulz
33%
2006 288 Abwehr Clemens Fritz
33%
2024 27 Abwehr Derrick Köhn
33%
1985 390 Mittelfeld Dieter Eilts
33%
2020 101 Abwehr Felix Agu
33%
1992 147 Tor Frank Rost
33%
2002 123 Mittelfeld Johan Micoud
33%
2026 13 Sturm Jovan Milosevic
33%
2024 32 Abwehr Julian Malatini
33%
2019 175 Mittelfeld Leonardo Bittencourt
33%
1989 379 Mittelfeld Marco Bode
33%
2005 173 Abwehr Naldo
33%
2012 69 Sturm Nils Petersen
33%
2023 54 Abwehr Olivier Deman
33%
2004 144 Abwehr Petri Pasanen
33%
2012 271 Abwehr Theodor Gebre Selassie
33%
2004 215 Sturm Aaron Hunt
22%
1992 236 Mittelfeld Andreas Herzog
22%
2025 7 Sturm André Silva
22%
2021 123 Abwehr Anthony Jung
22%
2007 31 Sturm Boubacar Sanogo
22%
1998 49 Mittelfeld Christoph Dabrowski
22%
2018 69 Mittelfeld Davy Klaassen
22%
2012 66 Sturm Eljero Elia
22%
2020 46 Sturm Eren Dinkci
22%
2013 49 Sturm Franco Di Santo
22%
2006 117 Sturm Hugo Almeida
22%
2019 59 Mittelfeld Ilia Gruev
22%
2001 151 Sturm Ivan Klasnic
22%
2015 48 Abwehr Jannik Vestergaard
22%
2016 47 Sturm Johannes Eggestein
22%
2012 33 Mittelfeld Kevin De Bruyne
22%
2015 6 Tor Koen Casteels
22%
2001 92 Mittelfeld Krisztián Lisztes
22%
2010 11 Sturm Lennart Thy
22%
2017 98 Abwehr Ludwig Augustinsson
22%
2010 72 Sturm Marko Arnautovic
22%
2009 87 Mittelfeld Marko Marin
22%
2002 33 Sturm Markus Daun
22%
2014 9 Abwehr Marnon Busch
22%
2007 37 Sturm Martin Harnik
22%
2014 159 Mittelfeld Maximilian Eggestein
22%
2025 2 Abwehr Maximilian Wöber
22%
2007 85 Sturm Max Kruse
22%
2015 74 Tor Michael Zetterer
22%
2000 112 Abwehr Mladen Krstajic
22%
2005 15 Sturm Mohamed Zidan
22%
2023 5 Mittelfeld Naby Keita
22%
2002 80 Sturm Nelson Valdez
22%
2019 57 Abwehr Ömer Toprak
22%
2025 15 Mittelfeld Parice Covic
22%
1998 151 Mittelfeld Paul Stalteri
22%
2008 206 Mittelfeld Philipp Bargfrede
22%
1998 56 Sturm Rade Bogdanovic
22%
2023 19 Sturm Rafael Borré
22%
2001 6 Sturm Roberto Silva
22%
2025 8 Sturm Salim Musah
22%
2008 149 Abwehr Sebastian Prödl
22%
2003 33 Mittelfeld Ümit Davala
22%
2012 188 Mittelfeld Zlatko Junuzovic
22%
2011 60 Abwehr Aleksandar Ignjovski
11%
2011 5 Mittelfeld Aleksandar Stevanovic
11%
2003 91 Tor Andreas Reinke
11%
1989 164 Abwehr Andree Wiedener
11%
2015 32 Sturm Anthony Ujah
11%
2015 28 Sturm Aron Jóhannsson
11%
2012 79 Abwehr Assani Lukimya
11%
1997 89 Abwehr Bernhard Trares
11%
1997 16 Abwehr Björn Schierenbeck
11%
2007 2 Mittelfeld Carlos Alberto
11%
2013 48 Mittelfeld Cédric Makiadi
11%
2005 11 Tor Christian Vander
11%
2004 133 Mittelfeld Daniel Jensen
11%
2013 67 Sturm Davie Selke
11%
2011 7 Sturm Denni Avdic
11%
1997 30 Mittelfeld Dieter Frey
11%
1998 31 Mittelfeld Dirk Flock
11%
2001 7 Sturm Dong-gook Lee
11%
2021 4 Abwehr Fabio Chiarodia
11%
2009 59 Tor Felix Wiedwald
11%
2014 120 Mittelfeld Fin Bartels
11%
2015 48 Mittelfeld Florian Grillitsch
11%
2011 10 Abwehr Florian Hartherz
11%
2010 14 Mittelfeld Florian Trinks
11%
2012 13 Abwehr Francois Affolter
11%
2004 39 Abwehr Frank Fahrenhorst
11%
2000 81 Abwehr Frank Verlaat
11%
2004 3 Abwehr Gustavo Nery
11%
2001 14 Mittelfeld Holger Wehlage
11%
2024 4 Mittelfeld Isak Hansen-Aaroen
11%
2017 26 Sturm Ishak Belfodil
11%
2025 9 Abwehr Issa Kaboré
11%
2000 52 Mittelfeld Ivica Banovic
11%
2001 3 Tor Jakub Wierzchowski
11%
2016 10 Tor Jaroslav Drobny
11%
2007 3 Sturm John Jairo Mosquera
11%
2018 72 Sturm Josh Sargent
11%
1999 12 Abwehr Júlio César
11%
2005 90 Mittelfeld Jurica Vranjes
11%
2018 52 Mittelfeld Kevin Möhwald
11%
2020 14 Abwehr Kevin Vogt
11%
2016 38 Abwehr Lamine Sané
11%
2005 32 Mittelfeld Leon Andreasen
11%
2015 41 Mittelfeld Levin Öztunali
11%
2002 45 Mittelfeld Ludovic Magnin
11%
2014 12 Mittelfeld Ludovic Obraniak
11%
2011 52 Abwehr Lukas Schmitz
11%
2002 1 Abwehr Manuel Friedrich
11%
2009 5 Sturm Marcelo Moreno
11%
2007 123 Sturm Markus Rosenberg
11%
2013 4 Abwehr Mateo Pavlovic
11%
2023 15 Mittelfeld Maximilian Philipp
11%
2011 41 Mittelfeld Mehmet Ekici
11%
2019 9 Abwehr Michael Lang
11%
2025 2 Abwehr Mick Schmetgens
11%
1995 34 Abwehr Mike Barten
11%
2016 221 Abwehr Milos Veljkovic
11%
2018 87 Sturm Milot Rashica
11%
2020 48 Sturm Nick Woltemade
11%
2016 125 Abwehr Niklas Moisander
11%
2018 36 Mittelfeld Nuri Sahin
11%
2022 41 Sturm Oliver Burke
11%
2011 20 Mittelfeld Özkan Yildirim
11%
2016 14 Abwehr Papy Djilobodji
11%
1998 32 Tor Pascal Borel
11%
2005 50 Abwehr Patrick Owomoyela
11%
2004 14 Mittelfeld Pekka Lagerblom
11%
2007 32 Mittelfeld Peter Niemeyer
11%
2011 3 Mittelfeld Predrag Stevanovic
11%
1997 92 Abwehr Raphael Wicky
11%
1998 68 Abwehr Razundara Tjikuzu
11%
2010 30 Sturm Sandro Wagner
11%
2007 55 Abwehr Sebastian Boenisch
11%
2008 62 Tor Sebastian Mielitz
11%
2016 27 Sturm Serge Gnabry
11%
2024 20 Mittelfeld Skelly Alvero
11%
2011 59 Abwehr Sokratis
11%
2001 1 Abwehr Stefan Blank
11%
2020 13 Sturm Tahith Chong
11%
2017 45 Mittelfeld Thomas Delaney
11%
2011 21 Mittelfeld Tom Trybull
11%
2003 64 Abwehr Valérien Ismael
11%
1996 138 Abwehr Viktor Skripnik
11%
2010 26 Mittelfeld Wesley
11%
1997 69 Mittelfeld Yuriy Maksymov
11%
2018 75 Sturm Yuya Osako
11%
2021 6 Sturm Abedenego Nankishi
0%
2014 41 Abwehr Alejandro Gálvez
0%
2009 15 Mittelfeld Alexandros Tziolis
0%
2011 15 Abwehr Andreas Wolf
0%
2010 6 Abwehr Aymen Abdennour
0%
2019 10 Mittelfeld Benjamin Goller
0%
2019 110 Abwehr Christian Groß
0%
2023 22 Sturm Dawid Kownacki
0%
2021 1 Sturm Dejan Galjen
0%
2022 1 Mittelfeld Dikeni Salifou
0%
2007 22 Abwehr Dusko Tosic
0%
2000 152 Mittelfeld Fabian Ernst
0%
2016 2 Abwehr Fallou Diagne
0%
2010 65 Mittelfeld Felix Kroos
0%
2016 52 Mittelfeld Florian Kainz
0%
2004 2 Mittelfeld Francis Banecki
0%
2014 38 Sturm Izet Hajrovic
0%
2014 25 Abwehr Janek Sternberg
0%
2018 42 Mittelfeld Jean-Manuel Mbom
0%
2005 8 Abwehr Jelle Van Damme
0%
2017 21 Mittelfeld Jerôme Gondorf
0%
2006 3 Sturm Jérôme Polenz
0%
2024 1 Sturm Joel Imasuen
0%
2012 2 Sturm Johannes Wurtz
0%
2012 21 Sturm Joseph Akpala
0%
2025 27 Abwehr Karim Coulibaly
0%
2007 5 Sturm Kevin Schindler
0%
2021 16 Abwehr Lars Lukas Mai
0%
2016 6 Mittelfeld László Kleinheisler
0%
2022 21 Abwehr Lee Buchanan
0%
2010 3 Abwehr Leon Balogun
0%
2016 1 Abwehr Leon Guwara
0%
2023 3 Sturm Leon Opitz
0%
2012 13 Mittelfeld Levent Aycicek
0%
2013 46 Abwehr Luca Caldirola
0%
2018 1 Tor Luca Plogmann
0%
2014 2 Abwehr Luca Zander
0%
2019 1 Sturm Luc Ihorst
0%
2015 12 Mittelfeld Lukas Fröde
0%
2015 1 Mittelfeld Marcel Hilßner
0%
2002 17 Mittelfeld Marco Reich
0%
2013 8 Sturm Martin Kobylanski
0%
2013 14 Sturm Melvyn Lorenzen
0%
2010 27 Abwehr Mikael Silvestre
0%
2008 1 Abwehr Niklas Andersen
0%
2021 37 Abwehr Nikolai Rapp
0%
2017 1 Mittelfeld Ole Käuper
0%
2014 3 Abwehr Oliver Hüsing
0%
2009 2 Sturm Onur Ayik
0%
2020 10 Sturm Oscar Schönfelder
0%
2016 6 Sturm Ousman Manneh
0%
2020 4 Mittelfeld Patrick Erras
0%
2006 28 Abwehr Pierre Womé
0%
2012 48 Tor Raphael Wolf
0%
2012 2 Tor Richard Strebinger
0%
2016 43 Abwehr Robert Bauer
0%
2021 6 Sturm Roger Assalé
0%
2008 10 Mittelfeld Said Husejinovic
0%
2016 10 Mittelfeld Sambou Yatabaré
0%
2013 94 Abwehr Santiago García
0%
2018 35 Abwehr Sebastian Langkamp
0%
1997 12 Sturm Sören Seidel
0%
2018 2 Tor Stefanos Kapino
0%
2016 3 Mittelfeld Thanos Petsos
0%
2009 1 Mittelfeld Timo Perthel
0%
2008 1 Sturm Torsten Oehrl
0%
2015 19 Abwehr Ulisses Garcia
0%
Keine übereinstimmenden Quizze gefunden
Verteilung der Resultate
Anzahl Personen mit jedem Resultat
Perzentil nach korrekt beantworteten Fragen
Ihre Resultats-Entwicklung
Sie haben dieses Quiz seit der letzten Aktualisierung nicht gespielt